000 nam a22 7a 4500
999 _c4852
_d4852
005 20200911105208.0
008 2009 b2019 uk ||||| |||| 00| 0 eng d
020 _a9781785784613
_cRM 80
040 _aAKMAL
082 _a650.1 GRA
090 _a650.1
_bGRA
100 _aGraham Allocat
_d2019
_99212
245 _aHow To Be A Productivity Ninja :
_bWorry Less, achieve more, love what you do
_cGraham Allcott
260 _aCompletely revised and updated edition
264 _aLondon
_b Icon Books
_c 2019
300 _a x, 357 pages
_b illustrations (black and white)
_c 20cm
500 _aOriginally published: 2014.
500 _aFormerly CIP. |5 Uk
504 _aIncludes bibliographical references.
650 0 _aTime management.
_91213
650 0 _a Success in business.
_91084
942 _2ddc
_cBOOK